España, rumbo a la post-guerra: la paz española de Franco

-д хадгалсан:
Номзүйн дэлгэрэнгүй
Үндсэн зохиолч: Río Cisneros, Agustín del (Зохиогч)
Формат: Ном
Хэл сонгох:испани
Хэвлэсэн: Madrid Afrodisio Aguado 1947
Нөхцлүүд:
Шошгууд: Шошго нэмэх
Шошго байхгүй, Энэхүү баримтыг шошголох эхний хүн болох!

MARC

LEADER 00000nam a2200000 a 4500
001 UCO1223
003 CL-VaPUC
008 000512e19470000SP |||||||||||||||||spa|d
082 0 4 |a 327.46  |b RIO  |2 21 
100 0 |a Río Cisneros, Agustín del  |e author  |9 443136 
245 1 0 |a España, rumbo a la post-guerra: la paz española de Franco 
300 |a 379 p 
942 |c BK 
945 |d 20000512 00:00:00  |a rherrera 
260 |a Madrid  |b Afrodisio Aguado  |c 1947 
600 0 7 |a FRANCO BAHAMONDE, FRANCISCO  |2 CL-VaPUC  |9 442489 
650 7 |a DIPLOMACIA ESPAÑOLA  |2 CL-VaPUC  |9 443137 
650 0 |a Relaciones Internacionales  |9 255740 
650 0 |a Posguerra  |9 372262 
651 0 |a España  |9 254926 
651 0 |a Europa  |9 255156 
583 |a last modification  |c 20160912 03:53:24  |k Rodrigo Vera 
999 |c 287852  |d 287850 
952 |0 0  |1 0  |4 0  |6 327_460000000000000_RIO_1947  |7 0  |8 X  |9 334917  |a BIBHIS  |b BIBHIS  |d 2019-11-20  |i 128035K  |o 327.46 RIO 1947  |p 128035K  |r 2024-01-30  |w 2019-11-20  |y BK_X  |k HIS